Was dazwischenredet - das mehrstimmige Gewissen: Gewissen als fremde Stimme in eigenem Namen

Saved in:
Bibliographic Details
Main Author: Stoellger, Philipp (Author)
Format: Chapter/Article
Language:German
Published: 2015
In: Das Gewissen
Year: 2015, Pages: [285]-311
Online Access: Get full text
Author Notes:Philipp Stoellger

MARC

LEADER 00000caa a2200000 c 4500
001 1504257979
003 DE-627
005 20220812010324.0
007 tu
008 150625s2015 xx ||||| 00| ||ger c
035 |a (DE-627)1504257979 
035 |a (DE-576)434257974 
035 |a (DE-599)BSZ434257974 
035 |a (OCoLC)1340696770 
040 |a DE-627  |b ger  |c DE-627  |e rakwb 
041 |a ger 
084 |a 12  |2 sdnb 
084 |a 1  |a 0  |2 ssgn 
100 1 |a Stoellger, Philipp  |d 1967-  |0 (DE-588)122442881  |0 (DE-627)081945663  |0 (DE-576)293272824  |4 aut 
245 1 0 |a Was dazwischenredet - das mehrstimmige Gewissen  |b Gewissen als fremde Stimme in eigenem Namen  |c Philipp Stoellger 
264 1 |c 2015 
300 |a 27 
336 |a Text  |b txt  |2 rdacontent 
337 |a ohne Hilfsmittel zu benutzen  |b n  |2 rdamedia 
338 |a Band  |b nc  |2 rdacarrier 
773 0 8 |i In  |t Das Gewissen  |d Tübingen : Mohr Siebeck, 2015  |g (2015), Seite [285]-311  |h XXV, 579 Seiten  |w (DE-627)818057920  |w (DE-576)426759222  |z 3161536819  |z 9783161536816  |7 nnam  |a Was dazwischenredet - das mehrstimmige Gewissen Gewissen als fremde Stimme in eigenem Namen 
773 1 8 |g year:2015  |g pages:[285]-311  |g extent:27  |a Was dazwischenredet - das mehrstimmige Gewissen Gewissen als fremde Stimme in eigenem Namen 
951 |a AR 
992 |a 20151007 
993 |a BookComponentPart 
994 |a 2015 
998 |g 122442881  |a Stoellger, Philipp  |m 122442881:Stoellger, Philipp  |d 10000  |d 10200  |e 10000PS122442881  |e 10200PS122442881  |k 0/10000/  |k 1/10000/10200/  |p 1  |x j  |y j 
999 |a KXP-PPN1504257979  |e 2864197448 
BIB |a Y 
JSO |a {"physDesc":[{"extent":"27 S."}],"type":{"bibl":"chapter"},"recId":"1504257979","relHost":[{"name":{"displayForm":["hrsg. von Stephan Schaede und Thorsten Moos"]},"person":[{"display":"Schaede, Stephan","given":"Stephan","family":"Schaede","role":"edt"},{"given":"Thorsten","display":"Moos, Thorsten","family":"Moos","role":"edt"}],"language":["ger"],"note":["Literaturangaben"],"disp":"Was dazwischenredet - das mehrstimmige Gewissen Gewissen als fremde Stimme in eigenem NamenDas Gewissen","part":{"text":"(2015), Seite [285]-311","pages":"[285]-311","year":"2015","extent":"27"},"type":{"bibl":"edited-book"},"physDesc":[{"extent":"XXV, 579 Seiten","noteIll":"Ill., graph. Darst."}],"relMultPart":[{"id":{"zdb":["2128989-X"],"issn":["1436-2600"],"eki":["37456194X"]},"origin":[{"publisherPlace":"Tübingen","dateIssuedDisp":"1998-","publisher":"Mohr Siebeck","dateIssuedKey":"1998"}],"title":[{"title":"Religion und Aufklärung","subtitle":"RuA","title_sort":"Religion und Aufklärung"}],"recId":"37456194X","pubHistory":["1.1998 -"],"corporate":[{"display":"Forschungsstätte der Evangelischen Studiengemeinschaft","role":"isb"}],"physDesc":[{"noteFormat":"24 cm"}],"type":{"bibl":"serial"},"part":{"number":["24"],"number_sort":["24"]},"disp":"Religion und Aufklärung","language":["ger","eng"],"titleAlt":[{"title":"RuA"}],"name":{"displayForm":["hrsg. von der Forschungsstätte der Evangelischen Studiengemeinschaft Heidelberg"]},"dispAlt":"Religion und Aufklärung"}],"recId":"818057920","title":[{"title":"Das Gewissen","title_sort":"Gewissen"}],"origin":[{"publisherPlace":"Tübingen","publisher":"Mohr Siebeck","dateIssuedDisp":"2015","dateIssuedKey":"2015"}],"id":{"isbn":["3161536819","9783161536816"],"eki":["818057920"]}}],"language":["ger"],"origin":[{"dateIssuedDisp":"2015","dateIssuedKey":"2015"}],"title":[{"subtitle":"Gewissen als fremde Stimme in eigenem Namen","title_sort":"Was dazwischenredet - das mehrstimmige Gewissen","title":"Was dazwischenredet - das mehrstimmige Gewissen"}],"person":[{"role":"aut","family":"Stoellger","given":"Philipp","display":"Stoellger, Philipp"}],"name":{"displayForm":["Philipp Stoellger"]},"id":{"eki":["1504257979"]}} 
SRT |a STOELLGERPWASDAZWISC2015